La Arquitectura de la ciudad global
| Main Author: | |
|---|---|
| Format: | Section = Libro |
| Language: | Undetermined Spanish |
| Published: |
España
Gustavo Gili
2004
|
| Subjects: |
| LEADER | 00594nam a2200217Ia 4500 | ||
|---|---|---|---|
| 008 | 240829s9999 xx 000 0 und d | ||
| 020 | |a 84-252-1560-9 | ||
| 040 | |a BIBLIOTECA-RUSB/ 711.4 M993 | ||
| 041 | |a spa | ||
| 082 | |a 711.4 M993 | ||
| 100 | 1 | |a Muxí, Zaida | |
| 245 | 1 | 0 | |a La Arquitectura de la ciudad global |
| 260 | |a España |b Gustavo Gili |c 2004 | ||
| 300 | |a 183 p. :il. | ||
| 650 | 7 | |a PLANES Y PLANIFICACION DE LA CIUDAD | |
| 650 | 7 | |b ARQUITECTURA Y GLOBALIZACION | |
| 650 | 7 | |c RECUPERACION URBANA | |
| 650 | 7 | |d CIUDAD CORPORATIVA | |
| 942 | |c BK |2 ddc | ||
| 991 | |a TEXTO | ||
| 999 | |c 4805 | ||